Songs from the First Line(s) - 1950s - Statistics

General Stats
  • This quiz has been taken 58 times
  • The average score is 14 of 40
Answer Stats
Hint Answer % Correct
1956 You ain't nothin' but a hound dog / Cryin' all the time / You ain't nothin' but a hound dog / Cryin' all the time Song Hound Dog
92%
1956 You ain't nothin' but a hound dog / Cryin' all the time / You ain't nothin' but a hound dog / Cryin' all the time Artist(s) Elvis Presley
90%
1957 The warden threw a party in the county jail. / The prison band was there and they began to wail. Artist(s) Elvis Presley
90%
1957 The warden threw a party in the county jail. / The prison band was there and they began to wail. Song Jailhouse Rock
86%
1954 Mr. Sandman, bring me a dream / Make him the cutest that I've ever seen / Give him two lips like roses and clover Song Mr. Sandman
86%
1958 Para bailar La Bamba / Para bailar La Bamba / Se necesito una poca de gracia / Una poca de gracia Para mi, para ti Song La Bamba
76%
1958 I told the witch doctor I was in love with you / I told the witch doctor I was in love with you / And then the witch doctor, he told me what to do Song Witch Doctor
66%
1956 Day-o, day-o / Daylight come and me wan' go home / Day, me say day, me say day, me say day Song Day-O / The Banana Boat Song
64%
1959 Put your head on my shoulder / Hold me in your arms, baby / Squeeze me oh so tight / Show me that you love me too Song Put Your Head On My Shoulder
60%
1957 I'm so young and you're so old / This, my darling, I've been told / I don't care just what they say / 'Cause forever I will pray Artist(s) Paul Anka
58%
1959 Put your head on my shoulder / Hold me in your arms, baby / Squeeze me oh so tight / Show me that you love me too Artist(s) Paul Anka
58%
1950 Mona Lisa, Mona Lisa, men have named you / You're so like the lady with the mystic smile Song Mona Lisa
54%
1956 Day-o, day-o / Daylight come and me wan' go home / Day, me say day, me say day, me say day Artist(s) Harry Belafonte
52%
1958 Para bailar La Bamba / Para bailar La Bamba / Se necesito una poca de gracia / Una poca de gracia Para mi, para ti Artist(s) Ritchie Valens
52%
1954 Mr. Sandman, bring me a dream / Make him the cutest that I've ever seen / Give him two lips like roses and clover Artist(s) The Chordettes / Vaughn Monroe
42%
1959 Oh! Carol / I am but a fool / Darling, I love you / Though you treat me cruel / You hurt me / And you make me cry / But if you leave me Song Oh! Carol
40%
1950 Mona Lisa, Mona Lisa, men have named you / You're so like the lady with the mystic smile Artist(s) Nat King Cole / Les Baxter
34%
1959 Oh! Carol / I am but a fool / Darling, I love you / Though you treat me cruel / You hurt me / And you make me cry / But if you leave me Artist(s) Neil Sedaka
34%
1957 I'm so young and you're so old / This, my darling, I've been told / I don't care just what they say / 'Cause forever I will pray Song Diana
30%
1953 Now, the hacienda's dark / The town is sleeping / Now, the time has come to part / The time for weeping Artist(s) Les Paul / Mary Ford
24%
1952 See the pyramids along the Nile / Watch the sun rise on a tropic isle / Just remember, darling, all the while Song You Belong to Me
24%
1955 Born on a mountain top in Tennessee / Greenest state in the land of the free / Raised in the woods so he knew ev'ry tree Song The Ballad of Davy Crockett
22%
1951 Because of you, there's a song in my heart / Because of you, my romance had its start / Because of you, the sun will shine Song Because of You
16%
1952 See the pyramids along the Nile / Watch the sun rise on a tropic isle / Just remember, darling, all the while Artist(s) Jo Stafford
14%
1958 I told the witch doctor I was in love with you / I told the witch doctor I was in love with you / And then the witch doctor, he told me what to do Artist(s) David Seville / Ross Bagdasarian
12%
1954 Blow me a kiss from across the room / Say I look nice when I'm not / Touch my hair as you pass my chair Song Little Things Mean a Lot
12%
1953 No other love have I / Only my love for you / Only the dream we knew Artist(s) Perry Como / Henri René
12%
1950 All my love, I give you all my love / The skies may fall, my love / But I will still be true / All my sighs will disappear at last Song All My Love
10%
1954 Blow me a kiss from across the room / Say I look nice when I'm not / Touch my hair as you pass my chair Artist(s) Kitty Kallen / Jack Pleis
10%
1951 Because of you, there's a song in my heart / Because of you, my romance had its start / Because of you, the sun will shine Artist(s) Tony Bennett / Percy Faith
10%
1950 All my love, I give you all my love / The skies may fall, my love / But I will still be true / All my sighs will disappear at last Artist(s) Patti Page
8%
1952 If you loved me half as much as I love you / You wouldn't worry me half as much as you do / You're nice to me when there's no one else around Song Half as Much
6%
1952 If you loved me half as much as I love you / You wouldn't worry me half as much as you do / You're nice to me when there's no one else around Artist(s) Rosemary Clooney / Percy Faith
6%
1955 Born on a mountain top in Tennessee / Greenest state in the land of the free / Raised in the woods so he knew ev'ry tree Artist(s) Bill Hayes
4%
1955 When they were hard to get / You wanted my kisses / When first we met / How you wanted my kisses Artist(s) Gisele MacKenzie
4%
1955 When they were hard to get / You wanted my kisses / When first we met / How you wanted my kisses Song Hard to Get
4%
1953 No other love have I / Only my love for you / Only the dream we knew Song No Other Love
4%
1951 Rose, Rose I love you with an aching heart / What is your future, now we have to part? / Standing on the jetty as the steamer moves away / Flower of Malaya, I cannot stay Song Rose, Rose, I Love You
4%
1953 Now, the hacienda's dark / The town is sleeping / Now, the time has come to part / The time for weeping Song Vaya con Dios
4%
1951 Rose, Rose I love you with an aching heart / What is your future, now we have to part? / Standing on the jetty as the steamer moves away / Flower of Malaya, I cannot stay Artist(s) Frankie Laine / Paul Weston
2%
No matching quizzes found
Score Distribution
Percent of People with Each Score
Percentile by Number Answered
Your Score History
You have not taken this quiz